The law and special education /

Bibliographic Details
Main Author: Yell, Mitchell L.
Format: Book
Language:English
Published: Upper Saddle River, N.J. : Merrill, [1998]
Subjects:

MARC

Tag First Indicator Second Indicator Subfields
LEADER 00000cam a2200000 a 4500
001 in00001403091
005 20151020054155.0
008 970725s1998 njua b 001 0 eng
010 |a  97035699  
020 |a 0024308722 
035 |a (OCoLC)37398108 
035 |9 AHN0636AM 
040 |a DLC  |c DLC  |d C#P  |d TXA  |d UtOrBLW 
043 |a n-us--- 
049 |a TXAM 
050 0 0 |a KF4210  |b .Y45 1998 
082 0 0 |a 344.73/0791  |2 21 
100 1 |a Yell, Mitchell L. 
245 1 4 |a The law and special education /  |c Mitchell L. Yell. 
264 1 |a Upper Saddle River, N.J. :  |b Merrill,  |c [1998] 
264 4 |c ©1998 
300 |a xv, 410 pages :  |b illustrations ;  |c 24 cm. 
336 |a text  |b txt  |2 rdacontent 
337 |a unmediated  |b n  |2 rdamedia 
338 |a volume  |b nc  |2 rdacarrier 
504 |a Includes bibliographical references and indexes. 
650 0 |a Children with disabilities  |x Education  |x Law and legislation  |z United States. 
650 0 |a Special education  |x Law and legislation  |z United States. 
999 |a MARS 
999 f f |s 961f6e1d-e00e-36a8-86f9-88920df8a709  |i fd85ef58-33c5-3e76-a92c-469fd8f0bc5b  |t 0 
952 f f |p normal  |a Texas A&M University  |b College Station  |c Sterling C. Evans Library  |d Evans: Library Stacks  |t 0  |e KF4210 .Y45 1998  |h Library of Congress classification  |i unmediated -- volume  |m A14822098270 
998 f f |a KF4210 .Y45 1998  |t 0  |l Evans: Library Stacks